| 000 | 00790cab a2200217 4500 | ||
|---|---|---|---|
| 001 | WB3040-18 | ||
| 008 | 090401t1994 xxu||||| |||| 00| 0 eng d | ||
| 035 | _a(Sirsi) u75623 | ||
| 041 | _aeng | ||
| 245 | _aGreen belt policy | ||
| 260 | _c1994 | ||
| 350 | _a0 | ||
| 490 |
_aEstates Times _v(1254) 21 October 1994, 5 |
||
| 490 |
_aDoE News Release _v(598) 24 October 1994, (4) |
||
| 520 | _aThe Environment secretary will enforce green belt policy to prevent large-scale development in the grounds of institutions such as hospitals and universities, but sees scope for flexibility. Re-use and improvements of such buildings should be encouraged. | ||
| 650 | _aGREEN BELT | ||
| 650 | _aINSTITUTIONS | ||
| 690 | _aPROPERTY-PROPERTY DEVELOPMENT | ||
| 942 | _n0 | ||
| 948 | _c04/03/1997 | ||
| 999 |
_c47572 _d47572 |
||